La farmacia, ayer y hoy : (Record no. 181041)

MARC details
000 -LEADER
campo de control de longitud fija 00969nam a2200229 i 4500
001 - NÚMERO DE CONTROL
campo de control 181041
003 - IDENTIFICADOR DE NÚMERO DE CONTROL
campo de control ES-MaACL
005 - FECHA Y HORA DE LA ÚLTIMA TRANSACCIÓN
campo de control 20240102124105.0
008 - DATOS DE LONGITUD FIJA--INFORMACIÓN GENERAL
campo de control de longitud fija 121005s2011 sp | |||||||| | spa d
020 ## - NÚMERO INTERNACIONAL ESTÁNDAR DEL LIBRO
Número Internacional Estándar del Libro 978-84-938172-1-3
080 ## - NÚMERO DE LA CLASIFICACIÓN DECIMAL UNIVERSAL
Número de la Clasificación Decimal Universal 615
100 1# - ENTRADA PRINCIPAL--NOMBRE DE PERSONA
Nombre de persona Basante Pol, Rosa.
9 (RLIN) 26249
245 13 - MENCIÓN DEL TÍTULO
Título La farmacia, ayer y hoy :
Resto del título reflexiones en torno al medicamento y sus profesionales : discurso de la Excma. Sra. Doña Rosa Basante Pol, leído en la sesión del día 28 de abril de 2011 para su ingreso como académica de número y contestación por el Excmo. Sr. D. Francisco Javier Puerto Sarmiento.
260 ## - PUBLICACIÓN, DISTRIBUCIÓN, ETC.
Lugar de publicación, distribución, etc. Madrid :
Nombre del editor, distribuidor, etc. Real Academia Nacional de Farmacia,
Fecha de publicación, distribución, etc. 2011.
300 ## - DESCRIPCIÓN FÍSICA
Extensión 133 p. ;
Dimensiones 24 cm.
650 #7 - PUNTO DE ACCESO ADICIONAL DE MATERIA--TÉRMINO DE MATERIA
Término de materia o nombre geográfico como elemento de entrada Farmacia.
9 (RLIN) 136083
650 #7 - PUNTO DE ACCESO ADICIONAL DE MATERIA--TÉRMINO DE MATERIA
Término de materia o nombre geográfico como elemento de entrada Medicamentos.
9 (RLIN) 14884
700 0# - ENTRADA AGREGADA--NOMBRE PERSONAL
Nombre de persona Puerto Sarmiento, Francisco Javier,
Fechas asociadas al nombre 1950-
9 (RLIN) 94191
852 ## - LOCALIZACIÓN
Ubicación ES-MaACL
Número de control de estantería A-12255
itemnumber 187924
Sublocalización o colección R.147192
Ubicación en estantería Depósito 1
Signatura antigua Olim: N-5260
942 ## - ELEMENTOS DE ENTRADA SECUNDARIOS (KOHA)
Fuente del sistema de clasificación o colocación Clasificación decimal universal
Tipo de ítem Koha Libro impreso
Holdings
Estatus retirado Estado de pérdida Fuente del sistema de clasificación o colocación Estado de daño No para préstamo Biblioteca de origen Biblioteca actual Ubicación en estantería Fecha de adquisición Fuente de adquisición Total de préstamos Signatura topográfica completa Código de barras Visto por última vez Precio de reemplazo Tipo de ítem Koha
    Clasificación decimal universal     Biblioteca del Ateneo de Madrid Biblioteca del Ateneo de Madrid Depósito 1 05/10/2012 Donación   A-12255 1190251 23/02/2023 23/02/2023 Libro impreso